| 000 | 00723nam a2200253 a 4500 | ||
|---|---|---|---|
| 008 | |||
| 020 | _a0077072243 (pbk.) | ||
| 049 | _aMAIN | ||
| 090 |
_aHF1008 _bNEE |
||
| 100 | 1 | _aNeedham, David. | |
| 245 | 1 | 0 |
_aBusiness studies / _cDavid Needham, Robert Dransfield. |
| 260 |
_aLondon : _bMcGraw-Hill , _cc1990. |
||
| 300 |
_avii, 580 p. : _bill. ; _c25 cm. |
||
| 504 | _aIncludes bibliographical references. | ||
| 500 | _aIncludes index. | ||
| 650 | 0 | _aBusiness. | |
| 650 | 0 | _aIndustrial management. | |
| 700 | 1 | _aDransfield, Robert. | |
| 907 |
_a.b10005195 _b11-11-13 _c17-04-03 |
||
| 003 | |||
| 005 | 20230123133523.0 | ||
| 040 | _cNUST | ||
| 942 |
_cBOOKS _kHF1008 _mNEE |
||
| 999 |
_c150017 _d150017 |
||